Statistics for Destiny the Game 3

Click here to take the quiz!

General Stats

  • This quiz has been taken 3,705 times
  • The average score is 15 of 20

Answer Stats

Hint Answer % Correct
Name the weekly PvP event ToOTrials of Osiris
98%
The location you go to if you go flawless in ToOThe Lighthouse
97%
Abbreviation PoEPrison of Elders
97%
Name of the event released on 8th December (SRL)Sparrow Racing League
95%
Abbreviation IBIron Banner
95%
Name of the exotic sniper rifle which is equipped in your primary weapon slotNo Land Beyond
93%
Currency used to purchase items from Tess Everis "Eververse"Silver
91%
Hunter exotic leg armour which lets you quadruple jump as a GunslingerBones of Eao
87%
Name of the Dead Orbit scout rifleHung Jury SR4
85%
First King's Fall raid bossWarpriest
82%
Additional word added the beginning of all of the HM King's Fall raid armourHarrowed
81%
Second King's Fall raid bossGolgoroth
80%
Abbreviation CoOCourt of Oryx
79%
Name of the King's Fall raid weapon perk "When stored for a short time, this weapon is automatically reloaded from your reserves"Cocoon
72%
Titan exotic helmet which adds tracking to all rocket launchersThe Taikonaut
61%
King's Fall Ghost ShellKingslayer Shell
52%
Titan, strike exclusive, helmet earned in Sunless Cell strikeDarkblade Helm
49%
First Daughter/Deathsinger (alphabetically)Ir Anuk
40%
King's Fall NM raid machine gunQullim's Terminus
35%
Second Daughter/Deathsinger (alphabetically)Ir Halak
34%

Score Distribution

Percentile by Number Answered

Percent of People with Each Score

Your Score History

You have not taken this quiz